000
00529nam a2200133Ia 4500
008
100328s9999 xx 000 0 und d
082
_b
36009
100
_a
नाईक राजीव आणि तापास विजय इ.
245
_a
रङगनायक अरविंद देशपांडे
260
_b
अविष्कार
630
_a
रङगनायक अरविंद देशपांडे
730
_a
रङगनायक अरविंद देशपांडे
942
_c
BOOK
999
_c
525747
_d
525744